000 00780pam a2200253 a 4500
001 1443337
003 NUST - PNEC
005 20170116181029.0
008 851007s1986 nyua 001 0 eng
010 _a 85024234
020 _a0070536244
040 _cLIBRARY
082 0 0 _a621.395 SCH
100 1 _aSchweber, William L.
245 1 0 _aIntegrated circuits for computers :
_bprinciples and applications /
_cWilliam L. Schweber.
260 _aNew York :
_bMcGraw-Hill,
_cc1986.
300 _axi, 413 p. :
_bill. ;
_c25 cm.
440 0 _aElectronic computer technology
500 _aIncludes index.
650 0 _aElectronic digital computers
_xCircuits.
650 0 _aIntegrated circuits.
_xEL
906 _a7
_bcbc
_corignew
_d1
_eocip
_f19
_gy-gencatlg
942 _2ddc
_cBK
999 _c67688
_d67688